Οι σύμμαχοι και η κρίση στην ανατολή : ο ρόλος των συμμάχων έξι μήνες πριν από την καταστροφή ή γιατί πρέπει να καταστραφεί ο μικρασιατικός ελληνισμός
Saved in:
| Main Author: | |
|---|---|
| Other Authors: | |
| Format: | Book |
| Language: | Greek French |
| Published: |
Αθήνα :
Ειρμός,
1990.
|
| Subjects: | |
| Tags: |
Add Tag
No Tags, Be the first to tag this record!
|
MARC
| LEADER | 00000cam a2200000 i 4500 | ||
|---|---|---|---|
| 001 | 1/92971 | ||
| 008 | 940318s1990 gr | ||| |||| ||gre|| | ||
| 020 | |a 9607063015 | ||
| 035 | |l 10008664 | ||
| 040 | |a GR-MyUA |b gre |e AACR2 | ||
| 041 | 1 | |a gre |h fre | |
| 082 | 0 | |a 938.72 | |
| 100 | 1 | |a Nicol, E. | |
| 245 | 1 | 3 | |a Οι σύμμαχοι και η κρίση στην ανατολή : |b ο ρόλος των συμμάχων έξι μήνες πριν από την καταστροφή ή γιατί πρέπει να καταστραφεί ο μικρασιατικός ελληνισμός / |c E. Nicol ; μετάφραση Αννα Κατρά. |
| 260 | |a Αθήνα : |b Ειρμός, |c 1990. | ||
| 300 | |a 223 σ. : |b εικ. ; | ||
| 500 | |a Τίτλος πρωτοτύπου: Les Alliés et la Crise Orientale. | ||
| 650 | 0 | 0 | |a Greco-Turkish War, 1921-1922. |
| 651 | 0 | |a Greece |x Foreign relations |z Turkey. | |
| 651 | 0 | |a Turkey |x Foreign relations |z Greece. | |
| 700 | 1 | |a Κατρά, Αννα, |e trlf | |
| 852 | |a INST |b LESVOS |e 19940318 |h 938.72 NIC |p 005100005263 |q 005100005263 |t BK |y 0 | ||
| 909 | |a Λ |b 034867 | ||